A Hungaroring helyzete a magyar sportturizmus térképén
| Main Author: | |
|---|---|
| Other Authors: | |
| Format: | Thesis |
| Kulcsszavak: | Hungaroring nemzetközi sportesemény sportgazdaságtan sportrendezvény sportturizmus |
| Online Access: | http://dolgozattar.uni-bge.hu/60007 |
MARC
| LEADER | 00000nta a2200000 i 4500 | ||
|---|---|---|---|
| 001 | dolg60007 | ||
| 005 | 20260409145850.0 | ||
| 008 | 260409suuuu hu om 000 hun d | ||
| 040 | |a BGE Dolgozattár Repozitórium |b hun | ||
| 041 | |a hu | ||
| 100 | 1 | |a Tóth Anna Kincső | |
| 245 | 1 | 2 | |a A Hungaroring helyzete a magyar sportturizmus térképén |c Tóth Anna Kincső |h [elektronikus dokumentum] |
| 520 | 3 | |a A dolgozat célja a Hungaroring szerepének bemutatása a magyar sportturizmus térképén. A Forma 1 Magyar Nagydíj gazdasági és turisztikai hatásai mellett a létesítmény további programlehetőségei is elemzésre kerülnek. A dolgozat kitér a sportpálya sportgazdaságtani jelentőségére is, különös tekintettel a munkahelyteremtésre és a GDP-hez való hozzájárulásra, rámutatva arra, hogy a Hungaroring nemcsak sporttörténeti, hanem gazdasági szempontból is kiemelkedő szerepet tölt be Magyarországon. Szó esik arról is, hogy a Hungaroring milyen mértékben járul hozzá Magyarország nemzetközi ismertségéhez. A kutatás során kiderül, mely programötletekre van igénye a látogatóknak, illetve milyen fejlesztésekkel lehetne még közkedveltebbé tenni a mogyoródi versenypályát a Forma 1-en kívüli időszakban is. | |
| 695 | |a Hungaroring | ||
| 695 | |a nemzetközi sportesemény | ||
| 695 | |a sportgazdaságtan | ||
| 695 | |a sportrendezvény | ||
| 695 | |a sportturizmus | ||
| 700 | 1 | |a Fábián Tamás Zoltán |e ths | |
| 856 | 4 | 0 | |u http://dolgozattar.uni-bge.hu/60007/1/A%20Hungaroring%20helyzete%20a%20magyar%20sportturizmus%20t%C3%A9rk%C3%A9p%C3%A9n%20.pdf |z Dokumentum-elérés |
| 856 | 4 | 0 | |u http://dolgozattar.uni-bge.hu/60007/2/K%C3%A9rd%C5%91%C3%ADv%20k%C3%A9rd%C3%A9sek%20-%20A%20Hungaroring%20helyzete%20a%20magyar%20sportturizmus%20t%C3%A9rk%C3%A9p%C3%A9n%20%28ZJZ19M%29.pdf |z Dokumentum-elérés |
| 856 | 4 | 0 | |u http://dolgozattar.uni-bge.hu/60007/3/T%C3%B3th%20Anna%20Kincs%C5%91%20b%C3%ADr%C3%A1lat%20MG.pdf |z Dokumentum-elérés |
| 856 | 4 | 0 | |u http://dolgozattar.uni-bge.hu/60007/4/T%C3%B3th%20Anna_BA_magyar_F%C3%A1bi%C3%A1n%20Tam%C3%A1s_konzulensi.pdf |z Dokumentum-elérés |